000 002330000a22000970004500
100 1 _aNeira, Armando
245 1 0 _aEl silencio de los inocentes
300 _aVol. 21, Núm 21 (1993), Páginas 14-17
773 0 _tCambio 16
942 _cANA
999 _c58338
_d58338